Statistics for The Legend Of Zelda: Majora's Mask Items And Equipment

Click here to take the quiz!

General Stats

  • This quiz has been taken 97 times
  • The average score is 29 of 59

Answer Stats

TypeItem/Equipment% Correct
Inventory ItemHero's Bow
92%
EquipmentKokiri Sword
88%
Inventory ItemBomb
85%
EquipmentHero's Shield
85%
Bottle ItemBlue Potion
81%
Bottle ItemGreen Potion
81%
Inventory ItemHookshot
81%
Bottle ItemRed Potion
81%
Bottle ItemHot Spring Water
77%
Bottle ItemSpring Water
77%
Inventory ItemBottle
73%
Inventory ItemFire Arrow
73%
Inventory ItemIce Arrow
73%
Inventory ItemLight Arrow
73%
Bottle ItemMilk
73%
Boss RemainsGoht's Remains
69%
Inventory ItemBombchu
65%
EquipmentMirror Shield
65%
Inventory ItemOcarina Of Time
65%
Bottle ItemFairy
62%
Boss RemainsGyorg's Remains
62%
Bottle ItemBug
58%
Boss RemainsTwinmold's Remains
58%
Inventory ItemDeku Nut
54%
Inventory ItemGreat Fairy's Sword
54%
Boss RemainsOdolwa's Remains
54%
Inventory ItemDeku Stick
50%
Inventory ItemMagic Bean
46%
EquipmentBiggest Quiver
42%
EquipmentBig Quiver
42%
Bottle ItemFish
42%
EquipmentQuiver
42%
EquipmentGilded Sword
38%
EquipmentRazor Sword
38%
Quest ItemSpecial Delivery To Mama
38%
EquipmentAdult Wallet
35%
EquipmentBig Bomb Bag
35%
EquipmentBiggest Bomb Bag
35%
EquipmentBomb Bag
35%
Bottle ItemChateau Romani
35%
EquipmentGiant Wallet
35%
Bottle ItemGold Dust
35%
Inventory ItemLens Of Truth
35%
Quest ItemLetter To Kafei
35%
Bottle ItemBig Poe Soul
31%
Quest ItemLand Title Deed
31%
Quest ItemMountain Title Deed
31%
Quest ItemOcean Title Deed
31%
Bottle ItemPoe Soul
31%
Quest ItemSwamp Title Deed
31%
Inventory ItemPowder Keg
27%
Bottle ItemZora Egg
27%
Bottle ItemMagic Mushroom
23%
Quest ItemBombers' Notebook
19%
Quest ItemMoon's Tear
19%
Quest ItemPendant Of Memories
15%
Bottle ItemSeahorse
15%
Quest ItemRoom Key
12%
Inventory ItemPictograph Box
4%

Score Distribution

Percentile by Number Answered

Percent of People with Each Score

Your Score History

You have not taken this quiz